000 00722nam a2200241 a 4500
008
020 _a0256015589 (hbk.)
049 _aMAIN
090 _aTS156DUN
100 1 _aDuncan, Acheson J.
245 1 0 _aQuality control and industrial statistics /
_cAcheson J. Duncan.
260 _aHomewood, Ill. :
_bIrwin,
_c1974
300 _axxii, 1018p. :
_bill. ;
_c24 cm.
504 _aIncludes bibliographical references.
500 _aIncludes index.
650 0 _aQuality control
_xStatistical methods.
650 0 _aSampling (Statistics).
907 _a.b10218439
_b14-11-06
_c02-11-06
003
005 20230123134259.0
040 _cNUST
942 _cBOOKS
_kTS156DUN
999 _c163167
_d163167